Statistieken voor Landen van Azië - Klikquiz

Klik hier om de quiz te nemen!

Algemene statistieken

  • Deze quiz is 19 keer genomen
  • De gemiddelde score is 30 van 47

Antwoorden op de kaart

Antwoorden kleurgecodeerd door een groen-rode schaal op de quizkaart volgens % correct hieronder.
 

Antwoordstatistieken

Antwoord% Correct
Bangladesh
100%
Afghanistan
90%
Armenië
90%
Azerbeidzjan
90%
Bahrein
80%
China
80%
India
80%
Bhutan
70%
Brunei
70%
Cambodja
70%
Georgië
70%
Indonesië
70%
Israël
70%
Japan
70%
Kirgizië
70%
Koeweit
70%
Malediven
70%
Mongolië
70%
Nepal
70%
Noord-Korea
70%
Zuid-Korea
70%
Cyprus
60%
Filipijnen
60%
Irak
60%
Jordanië
60%
Kazachstan
60%
Laos
60%
Libanon
60%
Maleisië
60%
Myanmar
60%
Oman
60%
Pakistan
60%
Saoedi-Arabië
60%
Singapore
60%
Turkije
60%
Verenigde Arabische Emiraten
60%
Iran
50%
Oezbekistan
50%
Oost-Timor
50%
Qatar
50%
Sri Lanka
50%
Thailand
50%
Vietnam
50%
Syrië
40%
Tadzjikistan
40%
Taiwan
40%
Turkmenistan
40%

Scoreverdeling

Percentiel versus Aantal Correcte Antwoorden

Procent van Mensen met Elke Score

Uw Scoregeschiedenis

U heeft deze quiz nog niet genomen